000 00240nmm a2200085Ia 4500
008 220120s9999||||xx |||||||||||||||||und||
100 _aPC QUEST
_910676
245 0 _a5 tools for ,NET & JAVA developers; Linux destro,pear Linux,
260 _c2013
999 _c139866
_d139866